000
00204 a2200097 4500
245
_a
SILVER POETS
_h
Text
100
_a
GERALD BULLET
650
_a
POETRY
005
20191017173332.0
260
_b
Everyma@library
_c
1967
084
_a
NONE
999
_c
10117
_d
10117